Southville International School and Colleges
Your cart is empty.
  • Cart
  • Lists
    Public lists Eva Luna New books Lux_list list_1
    Your lists Log in to create your own lists
  • Log in to your account
  • Your cookies
  • Search history
Southville International School and Colleges
  • Advanced search
  • Recent comments
  • Most popular
  • Libraries

Log in to your account

Log in with GOOGLE


If you do not have an external account, but do have a local account, you can still log in:

  1. Home
  2. MARC view: Urinalysis and body fluids /
Normal view MARC view ISBD view

Urinalysis and body fluids / (Record no. 278734)

[ view plain ]
MARC details
000 -LEADER
fixed length control field 01073cam a2200325 i 4500
001 - CONTROL NUMBER
control field 17761026
005 - DATE AND TIME OF LATEST TRANSACTION
control field 20150127100448.0
008 - FIXED-LENGTH DATA ELEMENTS--GENERAL INFORMATION
fixed length control field 130530s2014 paua b 001 0 eng
010 ## - LIBRARY OF CONGRESS CONTROL NUMBER
LC control number 2013021830
020 ## - INTERNATIONAL STANDARD BOOK NUMBER
International Standard Book Number 9780803639201 (pbk. : alk. paper)
020 ## - INTERNATIONAL STANDARD BOOK NUMBER
International Standard Book Number 9789746522793
035 ## - SYSTEM CONTROL NUMBER
System control number (DNLM)101609291
040 ## - CATALOGING SOURCE
Original cataloging agency DNLM/DLC
Transcribing agency DLC
Description conventions rda
Modifying agency DLC
042 ## - AUTHENTICATION CODE
Authentication code pcc
050 00 - LIBRARY OF CONGRESS CALL NUMBER
Classification number RB 53
Item number .St87 2014
060 10 - NATIONAL LIBRARY OF MEDICINE CALL NUMBER
Classification number QY 185
082 00 - DEWEY DECIMAL CLASSIFICATION NUMBER
Classification number 616.07/566
100 1# - MAIN ENTRY--PERSONAL NAME
Personal name Strasinger, Susan King,
Relator term author.
245 10 - TITLE STATEMENT
Title Urinalysis and body fluids /
Statement of responsibility, etc Susan King Strasinger, Marjorie Schaub Di Lorenzo.
250 ## - EDITION STATEMENT
Edition statement 6th ed.
260 ## - PUBLICATION, DISTRIBUTION, ETC. (IMPRINT)
Place of publication, distribution, etc Philadelphia :
Name of publisher, distributor, etc F.A. Davis Company,
Date of publication, distribution, etc c2014.
300 ## - PHYSICAL DESCRIPTION
Extent xiv, 322 pages :
Other physical details illustrations ;
Dimensions 28 cm
504 ## - BIBLIOGRAPHY, ETC. NOTE
Bibliography, etc Includes bibliographical references and index.
650 12 - SUBJECT ADDED ENTRY--TOPICAL TERM
Topical term or geographic name as entry element Urinalysis
General subdivision methods.
650 22 - SUBJECT ADDED ENTRY--TOPICAL TERM
Topical term or geographic name as entry element Body Fluids
General subdivision chemistry.
700 1# - ADDED ENTRY--PERSONAL NAME
Personal name Di Lorenzo, Marjorie Schaub,
Dates associated with a name 1953-
Relator term author.
906 ## - LOCAL DATA ELEMENT F, LDF (RLIN)
a 7
b cbc
c orignew
d 1
e ecip
f 20
g y-gencatlg
942 ## - ADDED ENTRY ELEMENTS (KOHA)
Source of classification or shelving scheme Library of Congress Classification
Koha item type Books
Holdings
Withdrawn status Lost status Source of classification or shelving scheme Damaged status Home library Current library Shelving location Date acquired Source of acquisition Sub Shelving location Total Checkouts Total Renewals Full call number Barcode Date last seen Date checked out Price effective from Koha item type
    Library of Congress Classification   South SEED-LPDH College Library South SEED-LPDH College Library South SEED-LPDH College Section 01/27/2015 Library Fund   13 34 RB 53 .St87 2014 SSLC1387 10/25/2019 10/24/2019 01/27/2015 Books
    Library of Congress Classification   South SEED-LPDH College Library South SEED-LPDH College Library South SEED-LPDH College Section 01/28/2015 Library Fund   13 40 RB 53 .St87 2014 SSLC1378 10/12/2023 09/27/2023 01/28/2015 Books

Urinalysis and body fluids /

APA

Strasinger S. K., Di Lorenzo M. S., . (2014). Urinalysis and body fluids. Philadelphia: F.A. Davis Company.

Chicago

Strasinger Susan King, Di Lorenzo Marjorie Schaub, . 2014. Urinalysis and body fluids. Philadelphia: F.A. Davis Company.

Harvard

Strasinger S. K., Di Lorenzo M. S., . (2014). Urinalysis and body fluids. Philadelphia: F.A. Davis Company.

MLA

Strasinger Susan King, Di Lorenzo Marjorie Schaub, . Urinalysis and body fluids. Philadelphia: F.A. Davis Company. 2014.

  • Place hold
  • Print
  • Cite
  • Add to your cart (remove)
  • Save record
    BIBTEX Dublin Core MARCXML MARC (non-Unicode/MARC-8) MARC (Unicode/UTF-8) MARC (Unicode/UTF-8, Standard) MODS (XML) RIS
  • More searches
    Search for this title in:
    Other Libraries (WorldCat) Other Databases (Google Scholar) Online Stores (Bookfinder.com) Open Library (openlibrary.org)

Exporting to Dublin Core...

SOUTHVILLE LIBRARY

Southville International School and Colleges Library

1281 Tropical Ave. Cor. Luxembourg St., BF Homes International, Las Pinas City

Tel. No. 8256374 / 252358 Loc. 117/146

Powered by Koha